000 00812nam a2200217Ii 4500
003 JO-AjNU
008 230605s9999||||xx |||||||||||||| ||und||
017 _a1998/14391
020 _a977-01-5950-6
040 _aJO-AjNU
_bara
_erda
_cJO-AjNU
041 _aara
050 1 4 _aPJ7842.H41.Z86 1998
100 3 _aإعداد وتقديم ريان،أمجد,
_eauthor
_918432
245 0 0 _aصوت صارخ في الشوارع: نصوص نقدية عن أعمال إدوارد الخراط القصصية والروائية
264 3 1 _aالقاهرة:الهيئة المصرية العامة للكتاب،1998
300 _a422ص
336 _atext
_btxt
_2rdacontent
337 _aunmediated
_bn
_2rdamedia
338 _avolume
_bnc
_2rdacarrier
650 4 _aالأدب العربي - تفسير ونقد
_918433
999 _aA5894
_c9462
_d9462